Násilie páchané na senioroch

Bibliographic Details
Main Author: Dobrovodský, Róbert, 1982- (Author)
Format: Article
Language:Slovak
ISSN:1336-9679
Subjects:

MARC

LEADER 00000nab a2200000 ar4500
001 vtls011697969
003 SK-MaSNL
005 20260303183029.0
008 170619c2017 xo |r|p|||n |000 b|slo
015 |a SNBRB2017/06 
038 |a SPK 
040 |a SPKCL  |b slo  |c AACR2  |e AACR2 
041 0 |a slo 
044 |a xo  |c SK 
072 7 |a 316  |x Sociológia  |2 konspekt 
072 7 |a 316.4/.7  |x Sociálne interakcie  |2 konspekt 
080 |a 316.624  |2 2011 
080 |a 316.346.32-053.9  |2 2011 
100 1 |a Dobrovodský, Róbert,  |d 1982-  |4 aut  |9 230804 
245 1 0 |a Násilie páchané na senioroch  |c Róbert Dobrovodský 
504 |a Bibliogr. odkazy 
650 0 7 |a seniori  |2 snkbucl  |9 117453 
650 0 7 |a násilie  |2 snkbucl  |9 4763 
773 0 |t Sociálna prevencia  |g Roč. 11., č. 2(2016), s. 8-13  |x 1336-9679 
852 |a SPK  |b KIS3GCP 
856 4 1 |a http://www.infodrogy.sk/index.cfm?module=Library&page=Document&DocumentID=1067 
958 |a NB  |2 spk 
999 |c 2119087  |d 2121017